WW2 multiple choice (medium) - Statistics

General Stats
  • This quiz has been taken 110 times
    109 since last reset
  • The average score is 7 of 11
Answer Stats
Question Answer % Correct
Who was the Fuhrer of Germany during ww2? Adolft Hitler
100%
How did ww2 end? Hitler killed himslef while the Soviets were entering Berlin and the USA bombed Nagasaki and Hiroshima
90%
What country had the most deaths in ww2? Soviet union
90%
What was the codename for D-day? Operation Overlord
86%
What country invented the first Jet? Germany
81%
What was the largest battle of ww2? Stalingrad
62%
What battle was the turning point of the Pacific Theater The battle of Midway
62%
Who had the most powerful in ww2? Germany
57%
What was the largest ariel battle of ww2? The Dieppe raid
14%
Who had the most advanced tank during ww2? Soviet Union
10%
What country had the most advanced army? Great Britain
5%
No matching quizzes found
Score Distribution
Percent of People with Each Score
Percentile by Number Answered
Your Score History
You have not taken this quiz since the last reset